[Event "IND-ch U11 30th"]
[Site "India"]
[Date "2016.07.05"]
[Round "10"]
[White "Dikshant, Dash"]
[Black "Mallick, Saswat"]
[Result "1-0"]
[WhiteElo "1589"]
[BlackElo "1329"]
[PlyCount "93"]
[EventDate "2016.06.28"]
[EventType "swiss"]
[EventRounds "11"]
[EventCountry "IND"]
[SourceTitle "CBM 173 Extra"]
[Source "ChessBase"]
[SourceDate "2016.08.29"]
[SourceVersion "1"]
[SourceVersionDate "2016.08.29"]
[SourceQuality "1"]

1. d4 d5 2. c4 c6 3. Nf3 Nf6 4. e3 Bf5 5. Nc3 e6 6. Bd3 Bxd3 7. Qxd3 Nbd7 8. 0-0 Bb4 9. a3 Ba5 10. b4 Bc7 11. e4 dxe4 12. Nxe4 Nxe4 13. Qxe4 Nf6 14. Qh4 0-0 15. Bg5 h6 16. Bxf6 Qxf6 17. Qxf6 gxf6 18. Rab1 b6 19. b5 c5 20. dxc5 bxc5 21. Rfd1 Rfd8 22. Kf1 Kf8 23. Ke2 Ke7 24. Rxd8 Rxd8 25. Rd1 Rxd1 26. Kxd1 e5 27. Nd2 Bb6 28. Nb3 Kd6 29. Ke2 e4 30. Ke3 Ke5 31. a4 a5 32. bxa6 f5 33. g3 h5 34. a5 Ba7 35. Nd2 f6 36. Nb1 Kd6 37. Nc3 Kc7 38. Nb5+ Kb8 39. Kf4 Ka8 40. Nxa7 Kxa7 41. Kxf5 Kxa6 42. Kxe4 Kxa5 43. Kd5 Kb4 44. f4 f5 45. h4 Kc3 46. Kxc5 Kd3 47. Kd5 1-0

[Event "IND-ch U11 30th"]
[Site "India"]
[Date "2016.06.29"]
[Round "3"]
[White "Mallick, Saswat"]
[Black "Manish, Kumar7777"]
[Result "0-1"]
[WhiteElo "1329"]
[BlackElo "1675"]
[PlyCount "64"]
[EventDate "2016.06.28"]
[EventType "swiss"]
[EventRounds "11"]
[EventCountry "IND"]
[SourceTitle "CBM 173 Extra"]
[Source "ChessBase"]
[SourceDate "2016.08.29"]
[SourceVersion "1"]
[SourceVersionDate "2016.08.29"]
[SourceQuality "1"]

1. d4 Nf6 2. c4 g6 3. Nf3 Bg7 4. g3 0-0 5. Bg2 d6 6. Nc3 Nc6 7. d5 Na5 8. Nd2 c5 9. 0-0 a6 10. Rb1 Rb8 11. a3 b5 12. cxb5 axb5 13. b4 cxb4 14. axb4 Nc4 15. Nxc4 bxc4 16. b5 Bd7 17. Be3 Qa5 18. Bd2 Qc7 19. Be3 Bf5 20. b6 Qd7 21. Ra1 Rb7 22. Ra7 Rxa7 23. bxa7 Ra8 24. Qa4 Qxa4 25. Nxa4 Ng4 26. Bb6 Bd7 27. Rc1 Bxa4 28. Rxc4 Bd7 29. Bh3 Ne5 30. Rc7 Bxh3 31. Rb7 Nd7 32. f3 Nxb6 0-1